=LDR 00000nam 2200000 4500 =001 INLIS000000000022223 =005 20130612121013 =008 ***********************************Ind** =035 ##$$0010-061300000022223 =041 ##$$a Ind =082 ##$$a 658.401 =090 ##$$a 658.401, Ran a =100 ##$$a Rangkuti, Freddy =245 ##$$a Analisis SWOT teknik membedah kasus bisnis, Freddy Rangkuti =260 ##$$a 2001 $b Jakarta =300 ##$$a 188 hlm, 23 cm =650 ##$$a Manajemen Perencanaan =850 ##$$a NBPNMAT =990 ##$$a 2090101249/BPAP-NTB/2015 =990 ##$$a 20703400 =990 ##$$a 168.102/Pb.2001